PKK terör örgütü ve teröre sürüklenen çocuklar / (Kayıt no. 9806)

MARC ayrıntıları
000 -BAŞLIK
Sabit Uzunluktaki Kontrol Alanı 00586nam a22001937a 4500
003 - KONTROL NUMARASI KİMLİĞİ
Kontrol Alanı KOHA_MİRAKIL
005 - EN SON İŞLEM TARİHİ ve ZAMANI
Kontrol Alanı 20251221114111.0
008 - SABİT UZUNLUKTAKİ VERİ ÖGELERİ - GENEL BİLGİ
Sabit Alan 251221b tu ||||| |||| 00| 0 tur d
020 ## - ISBN - ULUSLARARASI STANDART KİTAP NUMARASI
Isbn 9786254450600
040 ## - KATALOGLAMA KAYNAĞI
Özgün Kataloglama Kurumu TR-AnABB
Kataloglama Dili tur
Çeviri Kurumu TR-AnABB
041 ## - DİL KODU
Metin ya da ses kaydının dil kodu tur
082 ## - DEWEY ONU SINIFLAMA SİSTEMİ
Sınıflama Numarası 303.625
Cutter numarası KOC 2021
100 1# - KİŞİ ADI
Yazar Adı (Kişi adı) Koçanlı, Murat,
245 10 - ESER ADI BİLDİRİMİ
Başlık PKK terör örgütü ve teröre sürüklenen çocuklar /
Sorumluluk Bildirimi Murat Koçanlı
260 ## - YAYIN, DAĞITIM, VB.
Yayın Yeri Ankara :
Yayınevi Jandarma ve Sahil Güvenlik Akademisi Yayınları,
Yayın Tarihi 2020
300 ## - FİZİKSEL TANIMLAMA
Sayfa, Cilt vb. 101 sayfa ;
Boyutları 23 cm
650 04 - KONU BAŞLIĞI EK GİRİŞ - KONU TERİMİ
Konusal terim veya coğrafi ad Terör
942 ## - EK GİRİŞ ÖGELERİ (KOHA)
Sınıflama Kaynağı Dewey Decimal Classification
Materyal Türü Kitap
900 ## - YEREL BİLGİ
Kontrol Gizem YORULMAZ
Mevcut
Geri Çekilme Durumu Kayıp Durumu Sınıflandırma Kaynağı Kredi için değil Kalıcı Konum Mevcut Konum Kayıt Tarih Toplam Ödünçverme Yer Numarası Demirbaş Numarası Son Görülme Tarihi Fatura Tarihi Materyal Türü
    Dewey Decimal Classification   Büyükşehir Genç Akademi Batıkent Büyükşehir Genç Akademi Batıkent 21/12/2025   303.625 KOC 2021 ABB126064 21/12/2025 21/12/2025 Kitap